000 00492nam a2200181Ia 4500
003 GCL
008 140319s9999 xx 000 0 eng d
040 _aGCL /
_cGCL
082 0 4 _a769
_bP K
100 1 _aPLANK, HANS
245 1 0 _aKLIMT SCHIELE - KOKOSCHKA THREE EXPRESSIONISTS AND THEIR SUCCESSORS /
_cPLANK, HANS
260 _a[S.N] :
_bZACHARY KWINTNER BOOKS, LTD. ،
_c1991
300 _a119 P
650 0 4 _aARTS
650 0 4 _aPAINTING
650 0 4 _aEXPRESSIONISM
942 _2ddc
_cBK
999 _c21089
_d21089